5HLuxD.jpg

KING HENRY VIII SENIOR AND PRIMARY SCHOOL LIBRARY OPAC

The Handmaid's Tale / (Record no. 3207)

000 -LEADER
fixed length control field 00827nam a22001817a 4500
003 - CONTROL NUMBER IDENTIFIER
control field OSt
005 - DATE AND TIME OF LATEST TRANSACTION
control field 20231107094359.0
008 - FIXED-LENGTH DATA ELEMENTS--GENERAL INFORMATION
fixed length control field 231107b ||||| |||| 00| 0 eng d
020 ## - INTERNATIONAL STANDARD BOOK NUMBER
International Standard Book Number 9780198419525
040 ## - CATALOGING SOURCE
Transcribing agency KH8
082 ## - DEWEY DECIMAL CLASSIFICATION NUMBER
Classification number 813.54 ATW
100 ## - MAIN ENTRY--PERSONAL NAME
Personal name Atwood, Margaret,
Relator term author.
245 ## - TITLE STATEMENT
Title The Handmaid's Tale /
Statement of responsibility, etc. Margaret Atwood.
260 ## - PUBLICATION, DISTRIBUTION, ETC.
Place of publication, distribution, etc. United Kingdom ;
Name of publisher, distributor, etc. Oxford University Press,
Date of publication, distribution, etc. 2017.
300 ## - PHYSICAL DESCRIPTION
Extent 118 pages :
Dimensions 16.9cm x 21.5cm.
520 ## - SUMMARY, ETC.
Summary, etc. Packed with information and advice from experienced teachers and examiners, the Oxford Literature Companions aim to help you get to grips with your set text and to prepare for your assessment. The Companions include extensive sections on exam preparation and response planning, as well as a bank of annotated sample answers and practice questions.
942 ## - ADDED ENTRY ELEMENTS (KOHA)
Source of classification or shelving scheme
Koha item type Teaching Resources
Holdings
Withdrawn status Lost status Source of classification or shelving scheme Damaged status Not for loan Collection code Permanent Location Current Location Shelving location Date acquired Full call number Barcode Date last seen Price effective from Koha item type
          Teaching Resources KH8 Senior School Library KH8 Senior School Library Staff Office 2023-11-07 813.54 ATW TRKHSL004972 2023-11-07 2023-11-07 Teaching Resources

Powered By KH8 IT Dept